Detalles MARC
| 000 -LIDER |
| fixed length control field |
01056nam a2200349 c 4500 |
| 001 - NÚMERO DE CONTROL |
| Identificador de número de control |
a57760 |
| 003 - IDENTIFICACDOR DE NÚMERO DE CONTROL |
| control field |
DO-SdBNP |
| 005 - DATE AND TIME OF LATEST TRANSACTION |
| control field |
20221104133232.0 |
| 008 - ELEMENTOS DE LONGITUD FIJA |
| fixed length control field |
160329r2006 sp | |||| 000 f spa |
| 015 ## - NÚMERO DENTRO DE LA BIBLIOGRAFÍA NACIONAL |
| National bibliography number |
|
| 017 ## - NÚMERO DE REGISTRO DE DERECHOS DE AUTOR |
| Copyright or legal deposit number |
|
| Assigning agency |
|
| 020 ## - ISBN |
| International Standard Book Number |
9789707311275 |
| 035 ## - NÚMERO LOCAL |
| System control number |
|
| 040 ## - FUENTE DE CATALOGACIÓN |
| Agencia que crea de manera original el registro |
BPMSU |
| Idioma de catalogación |
spa |
| Agencia que realiza la transcripción |
BPMSU |
| Convenciones de la despripción |
|
| 080 ## - NÚMERO DE CLASIFICACIÓN DECIMAL UNIVERSAL |
| Universal Decimal Classification number |
|
| 082 #4 - NÚMERO DE CLASIFICACIÓN DECIMAL DE DEWEY |
| Classification number |
833.91 |
| Item number |
G768t 2007 |
| Edition number |
22 |
| 100 1# - ASIENTO PRINCIPAL -- NOMBRE PERSONAL |
| Nombre personal |
Grass, Günter |
| Fechas asociadas con el nombre |
1927-2015 |
| Término de relación |
aut |
| 9 (RLIN) |
32 |
| 245 13 - MENCIÓN DE TITULO |
| Título |
El tambor de hojalata / |
| Mención de responsabilidad |
Günter Grass ; traducción del alemán de Miguel Sáenz (con la colaboración de Grita Loebsack) |
| 250 ## - MENCIÓN DE EDICION |
| Mención de edición |
|
| 260 ## - PUBLICACIÓN, DISTRIBUCIÓN, ETC. (PIE DE IMPRENTA) |
| Lugar de publicación, distribución, etc |
Barcelona : |
| Nombre del editor, distribuidor, etc. |
Punto de lectura, |
| Fecha de publicación, distribución, etc |
2006 |
| Fecha de impresión |
2007. |
| 300 ## - DESCRIPCIÓN FÍSICA |
| Extensión |
791 p. : |
| Dimensiones |
22 cm |
| 490 ## - MENCIÓN DE SERIES |
| Mención de serie |
Punto de lectura |
| 534 ## - NOTA SOBRE LA VERSIÓN ORIGINAL |
| Asiento principal del original |
Título original |
| Mención del título original |
Die blechtrommel. |
| 586 ## - AWARDS NOTE |
| Awards note |
"Premio Nobel de Literatura" 1999 |
| 590 ## - NOTA LOCAL |
| Enlace |
Inventariado, 2022/VM |
| 650 ## - ENCABEZAMIENTO DE MATERIA--TEMÁTICO |
| Término temático o nombre geográfico como elemento de entrada |
Novela alemana |
| 700 ## - ASIENTO SECUNDARIO -- NOMBRE PERSONAL |
| Nombre personal |
Gerhard Ottenwaelder, Carlos, |
| Mención de responsabilidad |
tr. |
| 700 ## - ASIENTO SECUNDARIO -- NOMBRE PERSONAL |
| Nombre personal |
Mortiz, Joaquín, |
| Mención de responsabilidad |
tr. |
| 830 ## - ASIENTO SECUNDARIO DE SERIE--TÍTULO UNIFORME |
| Título uniforme |
Punto de lectura |
| 910 ## - VALIDACIÓN |
| Validación |
VMateo V./Validado |
| 942 ## - ADDED ENTRY ELEMENTS (KOHA) |
| Source of classification or shelving scheme |
Dewey Decimal Classification |
| Koha item type |
Libros |